| 000 | 02383cam a2200577 i 4500 | ||
|---|---|---|---|
| 001 | 3021 | ||
| 003 | FISKH | ||
| 005 | 20240131101523.0 | ||
| 008 | 161215t20172010nyu d 000 1 eng d | ||
| 010 | _a 2016962662 | ||
| 020 |
_a9781481456746 _q(hardcover) |
||
| 020 |
_a1481456741 _q(hardcover) |
||
| 020 | _a9780340999745 | ||
| 035 | _a(OCoLC)ocn980347656 | ||
| 040 |
_aZQP _beng _cZQP _erda _dGMP _dPCX _dOCLCF _dGRR _dOCLCO _dOCL _dDLC |
||
| 042 | _alccopycat | ||
| 050 | 0 | 0 |
_aPZ7.M869647 _bSh 2017 |
| 082 | 0 | 4 |
_a[Fic] _223 |
| 100 | 1 | _aMuchamore, Robert, | |
| 245 | 1 | 0 |
_aShadow wave / _cRobert Muchamore. |
| 250 | _aThis edition published 2014 | ||
| 260 |
_aLondon : _bHodder Children's Book, _c2010 |
||
| 300 |
_a355 pages : _c20 cm |
||
| 336 |
_atext _btxt _2rdacontent |
||
| 337 |
_aunmediated _bn _2rdamedia |
||
| 338 |
_avolume _bnc _2rdacarrier |
||
| 490 | 1 |
_aCHERUB ; _vmission 12 |
|
| 520 | _aAfter a tsunami causes massive devastation to a tropical island, its governor sends in the bulldozers to knock down villages, replacing them with luxury hotels. Guarding the governor's family isn't James Adams' idea of the perfect mission-- and then retired agent Kyle Blueman comes up with an unofficial and highly dangerous plan of his own. James must choose between loyalty to CHERUB, and loyalty to his friend. | ||
| 521 | 1 | _aAges 12 up. | |
| 610 | 1 | 7 |
_aGreat Britain. _bMI5 _2fast _0(OCoLC)fst00566888 |
| 650 | 0 |
_aIntelligence service _zGreat Britain _vJuvenile fiction. |
|
| 650 | 0 | _aSpy stories. | |
| 650 | 0 | _aYoung adult fiction. | |
| 650 | 1 |
_aLoyalty _vFiction. |
|
| 650 | 1 |
_aPolitical corruption _vFiction. |
|
| 650 | 1 |
_aSpies _vFiction. |
|
| 650 | 1 |
_aAdventure and adventurers _vFiction. |
|
| 650 | 7 |
_aIntelligence service. _2fast _0(OCoLC)fst00975848 |
|
| 650 | 7 |
_aSpy stories. _2fast _0(OCoLC)fst01131035 |
|
| 650 | 7 |
_aYoung adult fiction. _2fast _0(OCoLC)fst01183080 |
|
| 651 | 0 |
_aGreat Britain _vFiction. |
|
| 651 | 7 |
_aGreat Britain. _2fast _0(OCoLC)fst01204623 |
|
| 655 | 7 |
_aAction and adventure fiction. _2fast _0(OCoLC)fst01921574 |
|
| 655 | 7 |
_aFiction. _2fast _0(OCoLC)fst01423787 |
|
| 655 | 7 |
_aSpy stories. _2fast _0(OCoLC)fst01726748 |
|
| 655 | 7 |
_aSuspense fiction. _2gsafd |
|
| 655 | 7 |
_aSpy fiction. _2lcgft |
|
| 655 | 7 |
_aAction and adventure fiction. _2lcgft |
|
| 906 |
_a7 _bcbc _ccopycat _d2 _encip _f20 _gy-gencatlg |
||
| 942 |
_2ddc _cBK _n0 |
||
| 999 |
_c3021 _d3021 |
||